000 00178 a2200097 4500
020 _a9780771064869
041 _aeng
100 _aAlice Munro
245 _aDear Life
942 _cBK
999 _c14079
_d14079